[Event "Berdsk Maestro op 15th"]
[Site "Berdsk"]
[Date "2009.07.13"]
[Round "6"]
[White "Isaev, Andrei"]
[Black "Prokoshin, Sergey"]
[Result "1-0"]
[WhiteElo "2197"]
[BlackElo "1847"]
[PlyCount "69"]
[EventDate "2009.07.08"]
[EventType "swiss"]
[EventRounds "9"]
[EventCountry "RUS"]
[SourceTitle "EXT 2022"]
[Source "ChessBase"]
[SourceDate "2021.10.06"]
[SourceVersion "1"]
[SourceVersionDate "2021.10.06"]
[SourceQuality "1"]

1. e4 d5 2. exd5 Nf6 3. d4 Nxd5 4. Bc4 Bf5 5. Nf3 e6 6. 0-0 Be7 7. Bxd5 exd5 8. Re1 0-0 9. Nc3 Nc6 10. Bf4 Bb4 11. Qd2 a6 12. a3 Bxc3 13. Qxc3 Qd7 14. Ne5 Nxe5 15. dxe5 c5 16. Rad1 b6 17. Qb3 Qc6 18. Qxd5 Qxd5 19. Rxd5 Bxc2 20. Rd6 b5 21. Rc1 Bb3 22. Rxc5 Bc4 23. a4 Be2 24. a5 Rfd8 25. b4 Kf8 26. f3 Bc4 27. Kf2 Be6 28. Rcc6 Rxd6 29. exd6 f6 30. Ke3 Bd7 31. Rc7 Ke8 32. Kd4 Rc8 33. h4 Bf5 34. g4 Be6 35. Re7+ 1-0

[Event "Berdsk op"]
[Site "Berdsk "]
[Date "2007.01.09"]
[Round "6"]
[White "Isaev, Andrei"]
[Black "Kuznetsov, Evgeny"]
[Result "1-0"]
[WhiteElo "2197"]
[BlackElo "2200"]
[PlyCount "141"]
[EventDate "2007.01.04"]
[EventType "swiss"]
[EventRounds "9"]
[EventCountry "RUS"]
[SourceTitle "EXT 2008"]
[Source "ChessBase"]
[SourceDate "2007.11.25"]
[SourceVersion "1"]
[SourceVersionDate "2007.11.25"]
[SourceQuality "1"]

1. e4 e5 2. Nf3 Nf6 3. Nc3 Nc6 4. Bb5 Bb4 5. 0-0 0-0 6. Re1 d6 7. h3 Bd7 8. Nd5 Nxd5 9. exd5 Ne7 10. Bc4 c6 11. dxc6 bxc6 12. Bb3 Nd5 13. c3 Bc5 14. d4 exd4 15. Nxd4 Qf6 16. Bxd5 cxd5 17. Be3 Be6 18. b4 Bb6 19. a4 Rac8 20. a5 Bd8 21. Ne2 a6 22. Qd3 Rc4 23. Bd4 Qh4 24. g3 Qe7 25. Nf4 Qd7 26. Qf3 Bg5 27. g4 Rcc8 28. Kg2 Bxf4 29. Qxf4 Rce8 30. Re3 f6 31. Rae1 Bf7 32. g5 f5 33. Rxe8 Rxe8 34. Rxe8+ Bxe8 35. Qe3 Qf7 36. Bb6 f4 37. Qf3 Qf5 38. Qg4 Qe4+ 39. f3 Qe2+ 40. Bf2 Qe5 41. h4 Bb5 42. Qc8+ Kf7 43. Qc7+ Kg6 44. Qd8 Kh5 45. Qg8 Bd3 46. Qf7+ Bg6 47. Qb7 h6 48. gxh6 Kxh6 49. Qxa6 Be4 50. Qe2 Qe6 51. fxe4 dxe4 52. Be3 fxe3 53. Qxe3+ Kh7 54. a6 Qg4+ 55. Kh2 Kg8 56. a7 Qxh4+ 57. Kg2 Qg4+ 58. Kf2 Qh4+ 59. Ke2 Qh2+ 60. Ke1 Qh1+ 61. Kd2 Qg2+ 62. Kc1 Qa2 63. b5 d5 64. b6 Qa6 65. Qd4 Qa2 66. Kd1 Qa1+ 67. Kd2 Qa2+ 68. Ke3 Kh7 69. b7 Qb1 70. b8Q Qe1+ 71. Kf4 1-0